000 00708nas a2200229 4500
001 BR9606545
003 BR-BrBNA
005 20231205095359.0
007 ta
008 230509b bl.|||p| |||| 00| 00por d
040 _aBR-BrBNA
_bpor
_cBiblioteca Nacional de Agricultura
041 _a(En)
072 _aF60
100 1 _aMazzafera, P.
245 1 _aCaffeine, theobromine and theophylline distribution in Ilex paraguaryensis
650 _aMate
650 _aCafeina
650 _aMetabolismo Vegetal
773 0 _tRevista Brasileira de Fisiologia Vegetal (Brazil)
_xISSN 0103-3131
_g(Jul-Dec 1994), v. 6(2) p. 149-151
_wBR9606545
909 _a202311
_bLúcia
_c55
_dLúcia Elande
942 _2AGRIS
_n0
_cANA
999 _c150335
_d150335